|
|
|
|
| LEADER |
01671nam a22004454a 4500 |
| 001 |
41664 |
| 003 |
BD-DhAAL |
| 005 |
20230822163426.0 |
| 008 |
230822t2008 bg ab b 001 0 eng |
| 010 |
|
|
|a 2008331969
|
| 020 |
|
|
|a 9847021200047
|
| 025 |
|
|
|a B-E-2008-331969; 23
|
| 037 |
|
|
|b Library of Congress -- New Delhi Overseas Office
|c TK300.00 ($20.00 U.S.)
|
| 040 |
|
|
|a DLC
|c DLC
|
| 042 |
|
|
|a lcode
|
| 043 |
|
|
|a a-bg---
|
| 050 |
0 |
0 |
|a DS393.83.H54
|b B38 2008
|
| 082 |
|
|
|a 294.5/94
|
| 100 |
1 |
|
|a Barkat, Abul.
|
| 245 |
1 |
0 |
|a Deprivation of Hindu minority in Bangladesh :
|b living with vested property /
|c Abul Barkat ... [et al.] ; foreword by Mohammad Gholam Rabbani.
|
| 260 |
|
|
|a Dhaka :
|b Pathak Shamabesh,
|c 2008.
|
| 300 |
|
|
|a 235 pages :
|b ill., map ;
|c 25 cm.
|
| 504 |
|
|
|a Includes bibliographical references (p. [227]-229) and index.
|
| 526 |
|
|
|a BIGD
|
| 541 |
|
|
|a Pathak Shamabesh
|e 416442
|
| 650 |
|
0 |
|a Hindus
|x Legal status, laws, etc.
|z Bangladesh.
|9 55392
|
| 650 |
|
0 |
|a Hindu law.
|
| 650 |
|
0 |
|a Domestic relations
|z Bangladesh.
|
| 650 |
|
0 |
|a Discrimination
|x Law and legislation
|z Bangladeh.
|9 55393
|
| 650 |
|
0 |
|a Enemy property.
|9 52769
|
| 700 |
|
|
|a Rabbani, Mohammad Gholam.
|9 47423
|
| 700 |
|
|
|a Zaman, uz Shafique.
|9 55394
|
| 700 |
|
|
|a Khan, Shahnewaz Md.
|9 55395
|
| 700 |
|
|
|a Poddar, Avijit.
|9 55396
|
| 700 |
|
|
|a Hoque, Saiful.
|9 55397
|
| 700 |
|
|
|a uddin, Taher.
|9 55398
|
| 852 |
|
|
|a Ayesha Abed Library
|
| 942 |
|
|
|2 ddc
|c BK
|
| 999 |
|
|
|c 46102
|d 46102
|
| 952 |
|
|
|0 0
|1 0
|2 ddc
|4 0
|6 294_594000000000000_BAR
|7 0
|9 74282
|a BIGD
|b BIGD
|c GEN
|d 2023-08-22
|e Pathak shamabesh
|g 310.00
|l 0
|o 294.594 BAR
|p 3050041664
|r 2023-08-22
|t 1
|v 310.00
|w 2023-08-22
|y BK
|